000 00341nam a2200145Ia 4500
008 230818s2002 xx 000 0 und d
041 _aeng
082 _a839.82
100 _aFuller/Currie
245 _aThe Waiter
260 _bSterling Book Hos.Pub
_c2002
300 _a214p
520 _aGeneral
999 _c851807
_d851807
650 _aFood and Beverage service